[Event "Cto. Navarra Absoluto por Equipos 2018"]
[Site "?"]
[Date "2018.10.20"]
[Round "2.1"]
[White "Ozaita Martinez, Tomas"]
[Black "Lerendegui Lasa, Odei"]
[Result "0-1"]
[EventDate "2018.10.13"]
[WhiteElo "1806"]
[BlackElo "2121"]
[SourceDate "2018.11.18"]
[SourceTitle "FNA"]

1.d4 Nf6 2.Nf3 g6 3.Bf4 Bg7 4.e3 d6 5.h3 O-O 6.Be2 Nbd7 7.O-O b6 8.Bh2 Bb7
9.Nbd2 Ne4 10.Nxe4 Bxe4 11.Ba6 Qb8 12.a4 Bb7 13.Bxb7 Qxb7 14.c3 Rad8 15.Qb3 e5
16.a5 e4 17.Nd2 Kh8 18.axb6 axb6 19.Ra3 f5 20.Rfa1 Qc6 21.Ra7 Nf6 22.Qc4 Qxc4
23.Nxc4 Ne8 24.Rb7 g5 25.Raa7 f4 26.Na3 fxe3 27.fxe3 Bh6 28.Nc2 Rd7 29.Bg3 Rdf7
30.Kh2 Rf1 31.c4 Rc1 32.Na3 Rff1 33.Bxd6 Nxd6 34.Rxc7 Bf8 35.Rxh7 Kg8 36.Rh5 Nf5
37.Rxg5 Bg7 38.g4 Rf2 0-1

[Event "Cto. Navarra Absoluto por Equipos 2018"]
[Site "?"]
[Date "2018.10.20"]
[Round "2.2"]
[White "Martinez Ayesa, Aitor"]
[Black "Arriazu Dominguez, Ivan"]
[Result "1-0"]
[EventDate "2018.10.13"]
[WhiteElo "2001"]
[BlackElo "1832"]
[SourceDate "2018.11.18"]
[SourceTitle "FNA"]

1.Nf3 d5 2.c4 e6 3.g3 Nf6 4.Bg2 Nbd7 5.O-O Be7 6.Qc2 O-O 7.d4 c6 8.Nbd2 Re8 9.e4
Nxe4 10.Nxe4 dxe4 11.Qxe4 Nf6 12.Qe2 Bd6 13.Ne5 Nd7 14.Bf4 f6 15.Nxc6 Qc7
16.Bxd6 Qxd6 17.c5 Qf8 18.Na5 e5 19.Qc4 Kh8 20.Nxb7 Bxb7 21.Bxb7 Rad8 22.Bc6
exd4 23.Bxd7 Rxd7 24.c6 Rc7 25.b4 Qd6 26.b5 Re5 27.Rad1 Rd5 28.Rd3 h6 29.Rfd1
Qe5 30.a4 a6 31.b6 1-0

[Event "Cto. Navarra Absoluto por Equipos 2018"]
[Site "?"]
[Date "2018.10.20"]
[Round "2.3"]
[White "Romano Garcia, Ivan"]
[Black "Vilchez Gonzalez, Angel"]
[Result "0-1"]
[EventDate "2018.10.13"]
[WhiteElo "1559"]
[BlackElo "1914"]
[SourceDate "2018.11.18"]
[SourceTitle "FNA"]

1.d4 c5 2.dxc5 e5 3.Nf3 Nc6 4.Nc3 Bxc5 5.e3 Nf6 6.Bc4 O-O 7.a3 d6 8.O-O Bg4
9.Qd3 Qd7 10.Ng5 h6 11.Nge4 Nxe4 12.Nxe4 Rad8 13.Nxc5 dxc5 14.Qxd7 Rxd7 15.f3
Bh5 16.e4 Nd4 17.c3 Ne6 18.Be3 b6 19.Rad1 Rfd8 20.Rd5 Rxd5 21.exd5 Nc7 22.Rf2 b5
23.Ba2 c4 24.Rd2 Rxd5 25.Rxd5 Nxd5 26.Bxa7 f6 27.Bc5 Nf4 28.a4 Be8 29.a5 Bc6
30.a6 Kf7 31.b3 Ne2 32.Kf2 Nxc3 33.bxc4 Nxa2 34.cxb5 Bxb5 35.a7 Bc6 36.Ke3 Nc3
37.Kd3 Nb5 38.Kc4 Nc7 39.Bb6 Ne6 40.Be3 f5 41.Kd3 Nf4 42.Kd2 Nxg2 43.Bf2 Bxf3
0-1

[Event "Cto. Navarra Absoluto por Equipos 2018"]
[Site "?"]
[Date "2018.10.20"]
[Round "2.4"]
[White "Lacruz Ochoa, Oier"]
[Black "Oliva Burgos, Ignacio"]
[Result "1-0"]
[EventDate "2018.10.13"]
[WhiteElo "1787"]
[BlackElo "1546"]
[SourceDate "2018.11.18"]
[SourceTitle "FNA"]

1.e4 c5 2.Nf3 Nc6 3.d4 cxd4 4.Nxd4 g6 5.c4 Bg7 6.Be3 Nf6 7.Nc3 O-O 8.Be2 d6
9.O-O Bd7 10.Qd2 a6 11.f3 Rb8 12.Rac1 Qa5 13.Nxc6 bxc6 14.b3 Qc7 15.Rfd1 Rfd8
16.Qe1 c5 17.Qf2 Ne8 18.f4 Bc6 19.Bf3 Qb7 20.e5 Bxf3 21.Qxf3 Qxf3 22.gxf3 dxe5
23.Nd5 e6 24.Ne7 Kh8 25.Nc6 Rxd1 26.Rxd1 Rc8 27.Nxe5 Bxe5 28.fxe5 Ng7 29.Bg5 Nf5
30.Rd8 Rxd8 31.Bxd8 Nd4 32.Kf2 Nc6 33.Bc7 Nb4 34.Bd6 Nxa2 35.Bxc5 Nc1 36.b4 Nd3
37.Ke3 Nb2 38.Kd4 Na4 39.Be7 Kg7 40.c5 g5 41.Kc4 Nb2 42.Kc3 Nd1 43.Kd4 Nb2 44.c6
Na4 45.Bc5 1-0

[Event "Cto. Navarra Absoluto por Equipos 2018"]
[Site "?"]
[Date "2018.10.20"]
[Round "2.5"]
[White "Santos Usua, Mikel"]
[Black "Aguinaga Garijo, Daniel"]
[Result "1/2-1/2"]
[EventDate "2018.10.13"]
[WhiteElo "1494"]
[BlackElo "1412"]
[SourceDate "2018.11.18"]
[SourceTitle "FNA"]

1.e4 c6 2.d4 d5 3.exd5 cxd5 4.Bd3 Nc6 5.c3 Nf6 6.h3 e5 7.Qe2 e4 8.Bc2 Bf5 9.Bf4
Bd6 10.Bxd6 Qxd6 11.Nd2 O-O-O 12.O-O-O Rhe8 13.Nb3 Qf4 14.Qe3 Qxe3 15.fxe3 b6
16.Ne2 Na5 17.Nxa5 bxa5 18.Rdf1 Bg6 19.Nf4 Rd6 20.Rf2 Re7 21.Bb3 Rb7 22.Rc2 Kb8
23.Kd2 Rbd7 24.Rb1 Nh5 25.Nxh5 Bxh5 26.Rf1 f6 27.g4 Bf7 28.Rfc1 h5 29.gxh5 Bxh5
30.c4 dxc4 31.Rxc4 Bf3 32.Rc5 g5 33.Rxa5 Rc7 34.Rxc7 Kxc7 35.Rxa7 Kb6 36.Re7 f5
37.Rf7 g4 38.hxg4 fxg4 39.Rg7 Rh6 40.Kc3 Rh2 41.Be6 Re2 42.Bxg4 Rxe3 43.Kc4 Re2
44.Bxf3 exf3 45.Rf7 Rxb2 46.Rxf3 Rxa2 47.Kd5 Re2 48.Kd6 Rh2 49.Rf6 Rh3 50.d5 Rh7
51.Re6 {Ilegible} 1/2-1/2

[Event "Cto. Navarra Absoluto por Equipos 2018"]
[Site "?"]
[Date "2018.10.20"]
[Round "2.1"]
[White "Soler Huguet, Carlos Francisco"]
[Black "Ochoa Aldaz, Mikel"]
[Result "0-1"]
[EventDate "2018.10.13"]
[WhiteElo "1749"]
[BlackElo "1824"]
[SourceDate "2018.11.18"]
[SourceTitle "FNA"]

1.e4 c6 2.Nf3 d5 3.e5 c5 4.c3 Bg4 5.d4 e6 6.Be3 Bxf3 7.Qxf3 cxd4 8.cxd4 Qb6
9.Nd2 Ne7 10.Bd3 Nbc6 11.O-O Ng6 12.a3 Be7 13.Qg4 Qxb2 14.Rab1 Qxa3 15.Rb3 Qa4
16.Rxb7 O-O 17.Nf3 Ncxe5 18.Nxe5 Nxe5 19.Bxh7 Kxh7 20.Qh5 Kg8 21.Rxe7 Ng6 22.Rc7
Rac8 23.Rb7 Rb8 24.Rc7 Rfc8 25.Rcc1 Rxc1 26.Rxc1 Qa2 27.Qg5 Rb1 28.h4 Rxc1
29.Bxc1 Qc2 30.Be3 Qf5 31.Qd8 Kh7 32.g3 Qf6 33.Qc8 Ne7 34.Qa6 Nf5 35.Qd3 Qg6
36.Bg5 Nxh4 37.Qe3 Nf5 38.Qf4 f6 39.Bh4 Nxh4 40.Qxh4 Qh6 41.Qg4 f5 42.Qe2 a5
43.Kg2 Qf6 44.Qh5 Kg8 45.Qe8 Kh7 46.Qh5 Qh6 47.Qe2 Qg6 48.f4 Qe8 49.Qa6 a4
50.Kh3 g5 51.fxg5 Kg6 52.Qa7 Kxg5 53.Qg7 Qg6 54.Qe7 Qf6 55.Qa7 a3 56.Qxa3 Qxd4
57.Qf8 Qg4 58.Kg2 Qe2 59.Kh3 Qh5 60.Kg2 Qg6 61.Qe7 Qf6 62.Qh7 Qh6 63.Qe7 Kg4
64.Qd6 Qh3 65.Kf2 Qh2 66.Kf1 Qh1 67.Ke2 Qf3 68.Kd2 Qf2 69.Kc1 Qxg3 {Ilegible}
0-1

[Event "Cto. Navarra Absoluto por Equipos 2018"]
[Site "?"]
[Date "2018.10.20"]
[Round "2.2"]
[White "Garraza Obaldia, Esteban"]
[Black "Sanjuan Ruperez, Jorge"]
[Result "1-0"]
[EventDate "2018.10.13"]
[WhiteElo "1779"]
[BlackElo "1735"]
[SourceDate "2018.11.18"]
[SourceTitle "FNA"]

1.e4 e5 2.Nf3 Nc6 3.Bc4 Nf6 4.d3 Bc5 5.c3 a6 6.b4 Ba7 7.a4 d6 8.O-O Qe7 9.Bb3 h6
10.Re1 Bg4 11.Nbd2 Nh5 12.h3 Be6 13.Bc2 Nf4 14.Nf1 g5 15.d4 Bxh3 16.Bxf4 Bxg2
17.Be3 Bh3 18.d5 g4 19.N3h2 Bxe3 20.Nxe3 Nb8 21.Nf5 Qg5 22.Qc1 Qf6 23.Re3 h5
24.Bd3 Nd7 25.Bf1 Rg8 26.Bxh3 gxh3 27.Rg3 Rg6 28.Kf1 O-O-O 29.Qe3 Rdg8 30.Ke2 h4
31.Rxh3 Rh8 32.Nf3 Rg4 33.Rah1 Nf8 34.Rxh4 Rgxh4 35.Rxh4 Rg8 36.Rh6 Ng6 37.Kd2
Qd8 38.Qg5 Qf8 39.Rxg6 Rxg6 40.Ne7 Kd7 41.Nxg6 fxg6 42.Qg4 Ke7 43.Qh4 Kd7 44.Ke2
Qf4 45.Qxf4 exf4 46.Kf1 Ke7 47.Kg2 Kf6 48.Kh3 c6 49.c4 b5 50.dxc6 1-0

[Event "Cto. Navarra Absoluto por Equipos 2018"]
[Site "?"]
[Date "2018.10.20"]
[Round "2.3"]
[White "Seguil Sandoval, Pedro"]
[Black "Blanco Sisniega, Jonas"]
[Result "1-0"]
[EventDate "2018.10.13"]
[WhiteElo "1642"]
[BlackElo "1789"]
[SourceDate "2018.11.18"]
[SourceTitle "FNA"]

1.b3 d5 2.Bb2 Nf6 3.e3 e6 4.f4 Bd6 5.Nf3 O-O 6.Be2 Nbd7 7.O-O c6 8.Qe1 Qb6 9.Qh4
Re8 10.Kh1 Be7 11.g4 Nf8 12.Ne5 Ng6 13.Nxg6 fxg6 14.g5 Nh5 15.Be5 c5 16.Nc3 Bd7
17.Bf3 d4 18.Na4 Qa5 19.exd4 Bxa4 20.bxa4 Qxd2 21.Rad1 Qxc2 22.d5 exd5 23.Bxd5
Kh8 24.Bxb7 Rad8 25.Rxd8 Rxd8 26.f5 Rd1 27.Qh3 Rxf1 28.Qxf1 Qxf5 29.Qxf5 gxf5
30.h4 Kg8 31.Kg2 g6 32.Bd5 Kf8 33.a5 Bd8 34.a6 Ng7 35.Bd6 1-0

[Event "Cto. Navarra Absoluto por Equipos 2018"]
[Site "?"]
[Date "2018.10.20"]
[Round "2.4"]
[White "Sancinena Arpide, Juan"]
[Black "Marques Jalle, Jose Antonio"]
[Result "1-0"]
[EventDate "2018.10.13"]
[WhiteElo "1636"]
[BlackElo "1619"]
[SourceDate "2018.11.18"]
[SourceTitle "FNA"]

1.e4 c6 2.d4 d5 3.Nc3 dxe4 4.Nxe4 Nd7 5.Bc4 Ndf6 6.Ng5 Nd5 7.Qh5 g6 8.Qf3 Ngf6
9.Bd2 Qb6 10.Qb3 Qxd4 11.N1f3 Qb6 12.Qxb6 axb6 13.Ne5 Be6 14.Nxe6 fxe6 15.O-O-O
Bg7 16.Rhe1 O-O 17.Nd3 Ra4 18.Bb3 Re4 19.f3 Rxe1 20.Rxe1 Kf7 21.c4 Nc7 22.Bf4
Rd8 23.Ne5 Ke8 24.Nxc6 bxc6 25.Bxc7 Rd4 26.Bxb6 Bh6 27.Kb1 Rd2 28.Rd1 Kd7
29.Rxd2 Bxd2 30.Kc2 Bf4 31.g3 Bd6 32.a4 c5 33.a5 Kc6 34.Ba4 Kb7 35.Bb5 Bc7
36.Bxc5 Bxa5 37.Bxe7 Ng8 38.Bf8 Nf6 39.Kd3 Bb6 40.Bg7 Nh5 41.Be5 Bd8 42.b4 Bf6
43.Ke4 Be7 44.Bc3 Kc7 45.g4 Nf6 46.Ke5 Nd7 47.Kxe6 1-0

[Event "Cto. Navarra Absoluto por Equipos 2018"]
[Site "?"]
[Date "2018.10.20"]
[Round "2.5"]
[White "Sola Garate, Roberto"]
[Black "Ruiz Anton, Adolfo"]
[Result "1/2-1/2"]
[EventDate "2018.10.13"]
[WhiteElo "1465"]
[BlackElo "1532"]
[SourceDate "2018.11.18"]
[SourceTitle "FNA"]

1.d4 f5 2.c4 e6 3.Nc3 c6 4.Nf3 Nf6 5.g3 d5 6.cxd5 cxd5 7.Ne5 Bd6 8.f4 O-O 9.e3
Bd7 10.Be2 Be8 11.h4 Ne4 12.Nxe4 fxe4 13.O-O Nd7 14.Bg4 Bf7 15.Nxf7 Kxf7 16.Kg2
g6 17.h5 Nf6 18.hxg6 hxg6 19.Be2 Rh8 20.Rh1 Rc8 21.Rxh8 Qxh8 22.Bd2 Qg7 23.Qb3
b6 24.Rh1 Kg8 25.Rc1 Rxc1 26.Bxc1 Qc7 27.Bd2 Kf7 28.Qd1 Kg7 29.a3 Nd7 30.Qc1
Qxc1 31.Bxc1 Kf6 32.Bd2 g5 33.Kh3 Nf8 34.Bg4 a5 35.Be1 Be7 36.Bc3 Nh7 37.Bd2 Kf7
38.Be1 gxf4 39.gxf4 Bd8 40.Bc3 Nf8 41.f5 exf5 42.Bxf5 Kf6 43.Kg4 Ne6 44.Be1 Bc7
45.Bh4 Kf7 46.Kh3 Bd6 47.Bxe6 Kxe6 48.Bd8 Be7 49.Bxb6 Bg5 50.Bxa5 Bxe3 51.Bc3
Kd6 52.a4 Bf2 53.Kg2 Bh4 54.Bb4 Kc6 55.Bc5 Be1 56.Kf1 Bd2 57.Ke2 Bc1 58.b4 Kb7
59.b5 Bf4 60.a5 Bb8 61.a6 Ka8 62.b6 Bg3 63.Be7 Bf4 64.Bd8 Kb8 65.a7 Kb7 66.Bc7
Bc1 67.Kf2 Bd2 68.Ke2 Bg5 69.Kf2 1/2-1/2

[Event "Cto. Navarra Absoluto por Equipos 2018"]
[Site "?"]
[Date "2018.10.20"]
[Round "2.6"]
[White "Leone Amigot, Haymar"]
[Black "Jarauta Sarria, Javier"]
[Result "0-1"]
[EventDate "2018.10.13"]
[WhiteElo "1394"]
[BlackElo "1229"]
[SourceDate "2018.11.18"]
[SourceTitle "FNA"]

1.e4 e5 2.Nf3 Nc6 3.d4 exd4 4.Nxd4 Nxd4 5.Qxd4 d6 6.Bc4 Be6 7.Bxe6 fxe6 8.Nc3 e5
9.Qc4 Nf6 10.Bg5 Be7 11.Qe6 Qd7 12.Qxd7 Kxd7 13.Rd1 Rhf8 14.O-O h6 15.Bh4 Rf7
16.f4 Ng4 17.Bxe7 Kxe7 18.Nd5 Kd7 19.fxe5 Rxf1 20.Rxf1 Nxe5 21.g4 c6 22.Ne3 Re8
23.Rd1 g6 24.h3 Nf3 25.Kg2 Ng5 26.Nc4 Nxe4 27.Nd2 Nxd2 28.Rxd2 Re5 29.Rf2 Ke7
30.Kf3 Ra5 31.Re2 Kd7 32.a3 Rb5 33.b4 a5 34.c4 Rb6 35.Rd2 Ra6 36.b5 cxb5 37.cxb5
Ra8 38.a4 Rc8 39.Rd4 Rc3 40.Kg2 Rc5 41.Kg3 g5 42.Rd3 Ke7 43.Re3 Re5 44.Rc3 Kd7
45.Rd3 Re4 46.Ra3 d5 47.h4 Kd6 48.hxg5 hxg5 49.Kf3 Rf4 50.Kg3 d4 51.Ra2 Kd5
52.Rc2 d3 53.Rc7 Kd6 54.Rc1 Ke5 55.Re1 Kd4 56.Rc1 d2 57.Rc7 Kd3 0-1

[Event "Cto. Navarra Absoluto por Equipos 2018"]
[Site "?"]
[Date "2018.10.27"]
[Round "3.1"]
[White "Soler Huguet, Carlos Francisco"]
[Black "Lerendegui Lasa, Odei"]
[Result "0-1"]
[EventDate "2018.10.13"]
[WhiteElo "1749"]
[BlackElo "2121"]
[SourceDate "2018.11.18"]
[SourceTitle "FNA"]

1.e4 c5 2.Nf3 e6 3.Nc3 Nc6 4.Bc4 Nf6 5.e5 Ng4 6.Qe2 d5 7.Bb5 Nh6 8.d4 Nf5 9.Be3
Be7 10.Rd1 c4 11.a3 Bd7 12.O-O a6 13.Bxc4 dxc4 14.d5 exd5 15.Nxd5 Nxe3 16.Qxe3
Qa5 17.Nxe7 Nxe7 18.Qg5 Bc6 19.Nd4 Ng6 20.f4 O-O 21.h4 Qd8 22.Qg3 Qxh4 23.Qxh4
Nxh4 24.Nxc6 bxc6 25.f5 g6 26.g4 Rad8 27.Rd6 Rxd6 28.exd6 Rd8 29.Rf4 Rxd6
30.Rxc4 gxf5 31.Kf2 fxg4 32.Rxg4 Ng6 33.Ke3 h5 34.Ra4 h4 35.Rxa6 h3 36.Ra5 Re6
37.Kf3 f5 38.Rc5 Re1 39.Kg3 Re3 40.Kh2 Ne5 41.Kg1 Ng4 0-1

[Event "Cto. Navarra Absoluto por Equipos 2018"]
[Site "?"]
[Date "2018.10.27"]
[Round "3.2"]
[White "Pedchenko Zhilkov, Alexandr"]
[Black "Anton Agramonte, Angel Luis"]
[Result "1-0"]
[EventDate "2018.10.13"]
[WhiteElo "1907"]
[BlackElo "1734"]
[SourceDate "2018.11.18"]
[SourceTitle "FNA"]

1.d4 Nf6 2.Nf3 b6 3.g3 Bb7 4.Bg2 e6 5.O-O Be7 6.c4 O-O 7.Nc3 d5 8.Ne5 Nbd7 9.Qa4
Nxe5 10.dxe5 Ne4 11.cxd5 Nxc3 12.bxc3 exd5 13.Rd1 Bc5 14.Qg4 Bc8 15.Qf4 Be6
16.Be3 Be7 17.c4 c6 18.cxd5 cxd5 19.Rd3 Rc8 20.Rad1 Rc4 21.Rd4 g5 22.Qf3 Qc7
23.Qh5 Qxe5 24.h4 Bc5 25.Rxd5 Bxd5 26.Rxd5 Qa1 27.Kh2 Bxe3 28.fxe3 gxh4 29.Re5
Qe1 30.Qg5 1-0

[Event "Cto. Navarra Absoluto por Equipos 2018"]
[Site "?"]
[Date "2018.10.27"]
[Round "3.3"]
[White "Rodes Martinez, Francisco Javier"]
[Black "Vilchez Gonzalez, Angel"]
[Result "0-1"]
[EventDate "2018.10.13"]
[WhiteElo "1654"]
[BlackElo "1914"]
[SourceDate "2018.11.18"]
[SourceTitle "FNA"]

1.b3 c5 2.Bb2 Nc6 3.e3 d5 4.f4 e5 5.Qe2 e4 6.Nc3 Nf6 7.h3 d4 8.Nb1 d3 9.cxd3 Nb4
10.Kd1 exd3 11.Qf3 Nc2 12.e4 Nxa1 13.Bxa1 Bd7 14.Bxd3 Qa5 15.Nc3 Bc6 16.Qe2
O-O-O 17.Nf3 c4 18.bxc4 Bb4 19.Ne5 Bxc3 20.Bxc3 Qc7 21.Nxc6 Qxc6 22.e5 Rhe8
23.Re1 Nd7 24.Qe3 Nb6 25.Qe2 Qa4 26.Kc1 Qxa2 27.Bb1 Qxc4 28.Qg4 Kb8 29.Re4 Qf1
30.Kc2 Nc4 31.Bb4 Rxd2 32.Bxd2 Nxd2 33.Kxd2 Qxb1 34.f5 Rd8 35.Ke3 Rd3 36.Kf4 Qc1
0-1

[Event "Cto. Navarra Absoluto por Equipos 2018"]
[Site "?"]
[Date "2018.10.27"]
[Round "3.4"]
[White "Lacruz Ochoa, Oier"]
[Black "Zubicoa Aznar, Santiago"]
[Result "0-1"]
[EventDate "2018.10.13"]
[WhiteElo "1787"]
[BlackElo "1616"]
[SourceDate "2018.11.18"]
[SourceTitle "FNA"]

1.e4 c5 2.Nf3 Nc6 3.d4 cxd4 4.Nxd4 Nf6 5.Nc3 e5 6.Nf5 d5 7.exd5 Bxf5 8.dxc6 Qxd1
9.Nxd1 bxc6 10.Ne3 Be6 11.Nc4 Nd7 12.Be3 f6 13.O-O-O Bd5 14.Na5 Rc8 15.Bc4 Nb6
16.Bxd5 cxd5 17.Rhe1 Bb4 18.Bd2 Bxd2 19.Rxd2 Kf7 20.Rd3 Rc7 21.Ree3 Rhc8 22.Rc3
Rxc3 23.Rxc3 Rxc3 24.bxc3 Ke6 25.Nc6 a6 26.Nb4 a5 27.Nc6 Nc4 28.Kd1 Kd7 29.Nb8
Kc7 30.Na6 Kc6 31.Nb8 Kd6 32.Na6 h5 33.Ke2 g5 34.h3 f5 35.f3 f4 36.Kd3 h4 37.Nb8
Ne3 38.a4 Nxg2 39.c4 Ne1 40.Ke2 Nxc2 41.cxd5 Nd4 42.Kf2 Kxd5 43.Nd7 Kd6 44.Nf6
Ne6 45.Ke2 Kc5 46.Ng4 Kd4 47.Nf6 Nc5 48.Kd2 e4 49.Ke2 e3 50.Nh7 Ne6 51.Nf6 Kc4
52.Nd7 Kb4 53.Nb6 Nc5 0-1

[Event "Cto. Navarra Absoluto por Equipos 2018"]
[Site "?"]
[Date "2018.10.27"]
[Round "3.5"]
[White "Sola Garate, Roberto"]
[Black "Salvatierra Alzorriz, Haizea"]
[Result "0-1"]
[EventDate "2018.10.13"]
[WhiteElo "1465"]
[BlackElo "1687"]
[SourceDate "2018.11.18"]
[SourceTitle "FNA"]

1.d4 e6 2.c4 d5 3.Nf3 Nf6 4.Nc3 Be7 5.e3 O-O 6.Bd3 Nbd7 7.O-O Re8 8.e4 dxe4
9.Nxe4 Nf8 10.h3 Ng6 11.Be3 Nxe4 12.Bxe4 f5 13.Bc2 Bf6 14.Qd2 Bd7 15.Bb3 Qe7
16.Rfd1 Rad8 17.Qc1 Rf8 18.Rb1 a5 19.a3 Kh8 20.Rd3 Bc6 21.d5 e5 22.Ng5 Bd7 23.c5
Qe8 24.d6 cxd6 25.Qc4 Bb5 26.Qg8 Rxg8 27.Nf7 Qxf7 28.Bxf7 Bxd3 29.Rd1 Rgf8 0-1

[Event "Cto. Navarra Absoluto por Equipos 2018"]
[Site "?"]
[Date "2018.10.27"]
[Round "3.6"]
[White "Razkin Fraile, Mikel"]
[Black "Jarauta Sarria, Javier"]
[Result "1-0"]
[EventDate "2018.10.13"]
[WhiteElo "1712"]
[BlackElo "1229"]
[SourceDate "2018.11.18"]
[SourceTitle "FNA"]

1.e4 e5 2.Bc4 Bc5 3.Nc3 Nf6 4.d3 d6 5.h3 Be6 6.Nf3 Bxc4 7.dxc4 Bb4 8.Qd3 Nbd7
9.Be3 Bxc3 10.bxc3 O-O 11.O-O Re8 12.Nd2 Qe7 13.Qe2 Nf8 14.Bg5 h6 15.Bh4 Ng6
16.Bg3 Rad8 17.f3 Nh5 18.Bh2 Ngf4 19.Qf2 Qg5 20.Kh1 b6 21.Rad1 Ne6 22.h4 Qg6
23.Rg1 Nhf4 24.Nf1 a5 25.Ne3 Qh7 26.Rde1 Rd7 27.Qg3 Qg6 28.Qf2 Qh7 29.Ng4 h5
30.Ne3 Qg6 31.Nf5 f6 32.Rgf1 Qf7 33.Qg3 Qg6 34.Qf2 Qf7 35.g3 Ng6 36.Qd2 Rdd8
37.Bg1 Ne7 38.Be3 1-0

[Event "Cto. Navarra Absoluto por Equipos 2018"]
[Site "?"]
[Date "2018.10.27"]
[Round "3.1"]
[White "Insausti Goni, Sebastian"]
[Black "Gonzalez Oderiz, Jose Maria"]
[Result "0-1"]
[EventDate "2018.10.13"]
[WhiteElo "1845"]
[BlackElo "1846"]
[SourceDate "2018.11.18"]
[SourceTitle "FNA"]

1.e4 e6 2.d4 d5 3.Nd2 c5 4.Ngf3 cxd4 5.Nxd4 Nc6 6.Bb5 Bd7 7.N4f3 Nf6 8.Bd3 Nb4
9.e5 Ng4 10.Qe2 Qc7 11.O-O Nxc2 12.Bxc2 Qxc2 13.Nd4 Qa4 14.Qxg4 h5 15.Qf4 g5
16.Qe3 Bc5 17.N2b3 Bb6 18.f4 Bb5 19.Re1 Bc4 20.Bd2 Bxb3 21.axb3 Qxd4 22.Qxd4
Bxd4 23.Kf1 gxf4 24.Bxf4 Bxb2 25.Ra2 Bd4 26.Rc2 Kd7 27.Rd1 Bb6 28.Ke2 Rac8
29.Rdc1 Rxc2 30.Rxc2 Rg8 31.g3 h4 32.Kf3 hxg3 33.hxg3 Rc8 34.Rxc8 Kxc8 35.Ke2
Bc5 36.Bd2 a6 37.b4 Bd4 38.Bf4 0-1

[Event "Cto. Navarra Absoluto por Equipos 2018"]
[Site "?"]
[Date "2018.10.27"]
[Round "3.2"]
[White "Cobos Urbina, Enrique"]
[Black "Flores Lazcoz, Jose Luis"]
[Result "1-0"]
[EventDate "2018.10.13"]
[WhiteElo "1715"]
[BlackElo "1727"]
[SourceDate "2018.11.18"]
[SourceTitle "FNA"]

1.c4 c6 2.g3 d5 3.Bg2 Nf6 4.Nf3 e6 5.O-O Bd6 6.b3 O-O 7.Bb2 Nbd7 8.d4 b6 9.Nc3
Bb7 10.Qc2 Rc8 11.e4 dxe4 12.Nxe4 Nxe4 13.Qxe4 Nf6 14.Qd3 Re8 15.Rfe1 Qc7
16.Rad1 Nd7 17.Ne5 Red8 18.Qf3 Bxe5 19.dxe5 Nf8 20.h4 Rxd1 21.Rxd1 Rd8 22.Qg4
Rxd1 23.Qxd1 Qd7 24.Qxd7 Nxd7 25.f4 f6 26.b4 Kf7 27.b5 Nb8 28.Ba3 a6 29.Bd6 axb5
1-0

[Event "Cto. Navarra Absoluto por Equipos 2018"]
[Site "?"]
[Date "2018.10.27"]
[Round "3.3"]
[White "Arana Oloron, Roberto"]
[Black "Lasa Garcia, Javier"]
[Result "1-0"]
[EventDate "2018.10.13"]
[WhiteElo "1691"]
[BlackElo "1699"]
[SourceDate "2018.11.18"]
[SourceTitle "FNA"]

1.e4 e6 2.d4 d5 3.exd5 exd5 4.c4 Nf6 5.cxd5 Nxd5 6.Nc3 Bb4 7.Qc2 O-O 8.Bd3 Re8
9.Nge2 Qh4 10.Bd2 Nxc3 11.bxc3 Bd6 12.O-O-O Be6 13.f4 Bg4 14.Rhe1 Nd7 15.h3 Bxe2
16.Bxe2 Bxf4 17.Bxf4 Qxf4 18.Kb1 Nf8 19.Rf1 Qd6 20.Bd3 c5 21.dxc5 Qxc5 22.g4
Rac8 23.c4 Qb4 24.Ka1 b5 25.Rb1 Qc5 26.Rxb5 Qd4 27.Kb1 h6 28.Rd1 Qe3 29.Qb3 {Ilegible}
1-0

[Event "Cto. Navarra Absoluto por Equipos 2018"]
[Site "?"]
[Date "2018.10.27"]
[Round "3.4"]
[White "Moral Barragan, Diego"]
[Black "Otano Villanueva, Joseba"]
[Result "1-0"]
[EventDate "2018.10.13"]
[WhiteElo "1633"]
[BlackElo "1686"]
[SourceDate "2018.11.18"]
[SourceTitle "FNA"]

1.d4 Nf6 2.Nf3 g6 3.Nc3 Bg7 4.e4 d6 5.h3 O-O 6.Be3 c6 7.Qd2 Re8 8.Be2 b5 9.e5 b4
10.exf6 bxc3 11.bxc3 Bxf6 12.h4 Bg4 13.Ng5 Bxe2 14.Qxe2 Qa5 15.Ne4 Nd7 16.h5 d5
17.hxg6 fxg6 18.Nxf6 exf6 19.Kd2 c5 20.Qf3 c4 21.Rh4 Qb5 22.Rah1 Re7 23.Qh3 Nf8
24.Rh6 Qd7 25.Qg3 Rae8 26.Qf3 Rf7 27.Qg3 f5 28.Bf4 Qe6 29.Be5 Ree7 30.f4 Rb7
31.Qe1 Rb6 32.Qh4 Qe7 33.Qg3 Qb7 34.Qg5 Ra6 35.Qg3 Qc6 36.Ra1 Nd7 37.Qe3 Nxe5
38.dxe5 Qe6 39.Qc5 Rc6 40.Qd4 Rd7 41.Rb1 Rc8 42.Rb5 Kg7 43.Rh1 a6 44.Rb6 Rc6
45.Rhb1 Rdc7 46.Rb7 Kg8 47.Qa7 Qe7 48.R1b6 Qd7 49.Rxc7 Rxc7 50.Qxa6 Ra7 51.Rb8
Kg7 52.Qf6 Kh6 53.Rb1 1-0

[Event "Cto. Navarra Absoluto por Equipos 2018"]
[Site "?"]
[Date "2018.10.27"]
[Round "3.5"]
[White "Vigor Iriarte, Unai"]
[Black "Guardado Minchinela, Inaki"]
[Result "0-1"]
[EventDate "2018.10.13"]
[WhiteElo "1561"]
[BlackElo "1550"]
[SourceDate "2018.11.18"]
[SourceTitle "FNA"]

1.e4 c5 2.Nf3 Nc6 3.d4 cxd4 4.Nxd4 Nf6 5.Nc3 e5 6.Nde2 Bb4 7.Bd2 O-O 8.Ng3 d5
9.Nxd5 Nxd5 10.exd5 Qxd5 11.c3 Be7 12.Be3 Be6 13.f3 Rad8 14.Qc2 f5 15.Bf2 Bg5
16.Be2 Qd2 17.Qxd2 Rxd2 18.b3 Rfd8 19.O-O Bf4 20.Rfe1 Rc2 21.Bc4 Bxc4 22.bxc4
Bxg3 23.Bxg3 Rdd2 24.Rab1 Rxg2 25.Kh1 f4 26.Bxf4 exf4 27.Rxb7 Rxh2 28.Kg1 Rhg2
29.Kh1 h5 30.Rc7 Rgf2 31.Rxc6 Rxf3 32.Rc7 Rff2 33.Rxa7 f3 34.Ra8 Kh7 35.Rf8 Rh2
36.Kg1 Rcg2 0-1

[Event "Cto. Navarra Absoluto por Equipos 2018"]
[Site "?"]
[Date "2018.10.27"]
[Round "3.6"]
[White "Diaz Redondo, Isidro"]
[Black "Ruiz Jaso, Zigor"]
[Result "1-0"]
[EventDate "2018.10.13"]
[WhiteElo "1491"]
[BlackElo "1205"]
[SourceDate "2018.11.18"]
[SourceTitle "FNA"]

1.e4 e5 2.Nf3 Nc6 3.d4 exd4 4.Nxd4 Nf6 5.Bg5 Be7 6.Nc3 d6 7.Bb5 Bd7 8.O-O O-O
9.Nf5 Bxf5 10.exf5 a6 11.Bxc6 bxc6 12.Qf3 d5 13.Rae1 Rb8 14.Na4 h6 15.Be3 Ne4
16.Qe2 Qd7 17.f3 Nf6 18.g4 d4 19.Bxh6 Bd6 20.Bg5 Nd5 21.Qd2 c5 22.b3 f6 23.Bh4
Bf4 24.Qa5 Be3 25.Kh1 Qd6 26.Qxc5 Qd7 27.Qc4 Rb4 28.Qxa6 Nf4 29.Nc5 Qc8 30.Qxc8
Rxc8 31.Bg3 Nd5 32.Ne6 c6 33.Bd6 Rb7 34.a4 Rd7 35.Bc5 Kf7 36.Nxd4 Bxd4 37.Bxd4
Nb4 38.c3 Nd3 39.Rd1 Nf4 40.Bc5 Rb7 41.b4 Rh8 42.a5 Ne2 43.Bd6 Rd7 44.Rg1 Rdd8
45.c4 Rh3 46.Rge1 Rxd6 47.Rxd6 Ng3 48.Kg2 Nh5 49.Kxh3 Nf4 50.Kg3 1-0

[Event "Cto. Navarra Absoluto por Equipos 2018"]
[Site "?"]
[Date "2018.10.27"]
[Round "3.1"]
[White "Del Carmen Hernandez, Aimer"]
[Black "Garraza Obaldia, Esteban"]
[Result "1-0"]
[EventDate "2018.10.13"]
[WhiteElo "1901"]
[BlackElo "1779"]
[SourceDate "2018.11.18"]
[SourceTitle "FNA"]

1.e4 c5 2.Nf3 d6 3.d4 cxd4 4.Nxd4 Nf6 5.Nc3 a6 6.Bc4 e6 7.Bb3 Be7 8.Be3 Bd7 9.g4
h6 10.f3 Nc6 11.Qd2 b5 12.O-O-O Na5 13.Kb1 b4 14.Nce2 Nxb3 15.Nxb3 a5 16.h4 Bb5
17.Ned4 Ba4 18.g5 hxg5 19.hxg5 Rxh1 20.Rxh1 Nd7 21.g6 Bxb3 22.axb3 Rc8 23.gxf7
Kxf7 24.Nxe6 Qg8 25.Qd5 Nf6 26.Ng5 Kf8 27.Qxa5 g6 28.Qa6 1-0

[Event "Cto. Navarra Absoluto por Equipos 2018"]
[Site "?"]
[Date "2018.10.27"]
[Round "3.2"]
[White "Sancinena Arpide, Juan"]
[Black "Habans Aguerrea, Javier"]
[Result "0-1"]
[EventDate "2018.10.13"]
[WhiteElo "1636"]
[BlackElo "1892"]
[SourceDate "2018.11.18"]
[SourceTitle "FNA"]

1.e4 c5 2.Nf3 e6 3.d4 cxd4 4.Nxd4 Nf6 5.Nc3 Nc6 6.Ndb5 d6 7.Bf4 e5 8.Bg5 a6
9.Na3 Be6 10.Nc4 Rb8 11.Ne3 Be7 12.Bd3 Nxe4 13.Bxe7 Nxc3 14.Bxd8 Nxd1 15.Rxd1
Rxd8 16.Be2 d5 17.Bg4 Bxg4 18.Nxg4 b5 19.c3 Ke7 20.O-O f5 21.Ne3 Ke6 22.f4 e4
23.Rd2 d4 24.cxd4 Rxd4 25.Rxd4 Nxd4 26.Rd1 Ne2 27.Kf2 Nxf4 28.Rd2 Nd3 29.Kf1 f4
30.Nc2 Rc8 31.Nd4 Ke5 32.Ne2 Nc1 33.a3 e3 34.Rd7 Nxe2 35.Kxe2 Rc2 36.Kf1 Rf2
37.Kg1 Rxb2 38.h3 Rb1 39.Kh2 Kf6 40.Rd6 Kf5 41.g4 fxg3 42.Kxg3 e2 0-1